000 01182cab a2200301 4500
001 X1046
008 090401t1993 xxu||||| |||| 00| 0 eng d
035 _a(Sirsi) u14398
041 _aeng
245 _aSunderland CC and Mitchinson
260 _c1993
350 _a0
490 _aPlanning Appeal Decisions
_v(1993) 8 PAD 510-514(5)
520 _aInquiry 27 April 1993. Decision letter 10 June 1993. Enforcement notice - erection of barded wire fence on top of existing fencing - conservation area - similar barbed wire nearby not enforced against - conservation area for benefit of residents as well as general public - precedent - unacceptable.
650 _aCONSERVATION AREA
650 _aENFORCEMNT NOTICE
650 _aFENCING
650 _aPLANNING (LISTED BUILDINGS AND CONSERVATION AREAS) ACT 1990 S72
650 _aPLANNING AND COMPENSATION ACT 1991
650 _aPLANNING APPEAL
650 _aPPG3
650 _aTOWN AND COUNTRY PLANNING ACT 1990 S174
650 _aTOWN AND COUNTRY PLANNING ACT 1990 S176
650 _aTOWN AND COUNTRY PLANNING ACT 1990 S177
690 _aPLANNING LAW AND PRACTICE-CASE LAW
942 _n0
948 _c04/03/1997
999 _c9377
_d9377